00617nam a2200169 450000500170000001000150001702000260003203500140005803700130007208200120008510000210009724501380011826000400025627000940029630000230039050000340041320190412145121.0 aENG-125048 a9789386695086c395.00 aEN-108580 bDBAD/PUB a307.140 aRao, P.V. Ramana aRural development and poverty alleviation programmes:bMahatma Gandhi national rural employment guarantee schemes/cby P.V.Ramana Rao aNew DelhibAryan Publicationsc2018 a110, Gali No.4, Harphool Vihar, BapraulabNew Delhie110043maryanpublication12@gmail.com axi,116p.c23cm(Hb) aincludes references and index